| 000 | 00866nam a2200205Ia 4500 | ||
|---|---|---|---|
| 001 | 14143 | ||
| 003 | GE_BSU | ||
| 008 | 181216s||||||||xx |||||||||||||| ||und|| | ||
| 040 | _cGE_BSU | ||
| 245 | _aბიზნესი და მენეჯმენტი №4(41) 2014 | ||
| 245 | _bჟურნალი ბიზნესისა და მართვის ხელოვნების შესახებ | ||
| 245 | _cმთ.რედ: თემურ იობაშვილი | ||
| 260 | _aთბილისი | ||
| 260 | _c2014 | ||
| 300 | _a60 გვ.30სმ. | ||
| 653 | _aბიზნესი და მენეჯმენტი | ||
| 653 | _aპერიოდიკა | ||
| 653 | _aჟურნალი ბიზნესისა და მართვის ხელოვნების შესახებ | ||
| 942 | _cCR | ||
| 999 |
_c47283 _d47283 |
||